000 00355nam a2200145Ia 4500
008 230917s9999||||xx |||||||||||||| ||und||
040 _e76786
_aMAIN
041 _aEnglish
082 _a658.3 S51C
100 _aSmith, A R, ed
245 0 _aCorporate management planning
260 _aWestmead
_bGower Press
_c1980
300 _axii, 187 p.
942 _cBK
999 _c37365
_d37365